| 000 | 00592nam a2200241 a 4500 | ||
|---|---|---|---|
| 001 | nice12345678 | ||
| 003 | IN_TiNIC | ||
| 005 | 20260116012618.0 | ||
| 008 | 050524s1978 newa grp 000 0 eng | ||
| 020 |
_a _c75 |
||
| 082 | 0 | 0 |
_a291 _bSUD |
| 100 | _aSuda, J P | ||
| 245 |
_aReligions in India _b Study of Their Essential Unity. |
||
| 260 |
_aNew Delhi _bSterling Publishers _c1978 |
||
| 300 | _a369p | ||
| 500 | _aincludes index and biblioraphy | ||
| 505 | 2 | _aIndex | |
| 650 | _aComparative Religion | ||
| 700 | 1 | _aSuda, J P | |
| 902 | _bSRS | ||
| 942 | _cBK | ||
| 999 |
_c7669 _d7669 |
||